Sobre los otros factores de imputación de la responsabilidad estatal (Registro nro. 32422)
[ vista simple ]
| 000 -LEADER | |
|---|---|
| fixed length control field | 00375 a2200109 4500 |
| 001 - CONTROL NUMBER | |
| control field | ART_47643 |
| 005 - DATE AND TIME OF LATEST TRANSACTION | |
| control field | 20260410162013.0 |
| 008 - FIXED-LENGTH DATA ELEMENTS--GENERAL INFORMATION | |
| fixed length control field | 260409a |
| 100 1# - MAIN ENTRY--PERSONAL NAME | |
| Personal name | Balbín, Carlos Francisco |
| 245 10 - TITLE STATEMENT | |
| Title | Sobre los otros factores de imputación de la responsabilidad estatal |
| 773 0# - HOST ITEM ENTRY | |
| Title | Temas de derecho administrativo |
| Related parts | - Año 3, N° 10 (oct. 2018) |
| Record control number | REV40468 |
No hay ítems disponibles.